Catálogo

De Dios (Ética) / (Registro nro. 54752)

Detalles MARC
000 -LEADER
fixed length control field 00920cam a2200289 i 4500
001 - CONTROL NUMBER
control field 54752
003 - CONTROL NUMBER IDENTIFIER
control field Mx-PuUPA
005 - DATE AND TIME OF LATEST TRANSACTION
control field 20220307123600.0
008 - FIXED-LENGTH DATA ELEMENTS--GENERAL INFORMATION
fixed length control field 140415s2007 sp r 000 0 spa d
020 ## - INTERNATIONAL STANDARD BOOK NUMBER
International Standard Book Number 9788441322721
040 ## - CATALOGING SOURCE
Description conventions rda
Language of cataloging spa
Modifying agency Mx-PuUPA
Original cataloging agency Mx-PuUPA
Transcribing agency Mx-PuUPA
041 0# - LANGUAGE CODE
Language code of text/sound track or separate title spa
100 1# - MAIN ENTRY--PERSONAL NAME
Personal name Spinoza, Benedictus de,
Dates associated with a name 1632-1677
Relator term autor
9 (RLIN) 4740
245 13 - TITLE STATEMENT
Title De Dios (Ética) /
Statement of responsibility, etc. Spinoza ; traducción, Vidal Peña.
264 #1 - PRODUCTION, PUBLICATION, DISTRIBUTION, MANUFACTURE, AND COPYRIGHT NOTICE
Place of production, publication, distribution, manufacture Barcelona :
Name of producer, publisher, distributor, manufacturer Ediciones Folio,
Date of production, publication, distribution, manufacture, or copyright notice ©2007
300 ## - PHYSICAL DESCRIPTION
Extent 61 páginas ;
Dimensions 19 cm.
336 ## - CONTENT TYPE
Content type term texto
Fuente rdacontent
Content type code txt
337 ## - MEDIA TYPE
Media type term sin medio
Source rdamedia
Media type code n
338 ## - CARRIER TYPE
Carrier type term volumen
Source rdacarrier
Carrier type code nc
490 0# - SERIES STATEMENT
Series statement Colección Grandes ! Ideas
500 ## - GENERAL NOTE
General note Colección dirigida por Joan-Carles Melich.
650 #7 - SUBJECT ADDED ENTRY--TOPICAL TERM
Topical term or geographic name entry element Dios
General subdivision Ética
Source of heading or term armarc
700 1# - ADDED ENTRY--PERSONAL NAME
Personal name Peña, Vidal,
Relator term traductor
942 ## - ADDED ENTRY ELEMENTS (KOHA)
Classification part 109
Item part S754
Koha item type Libro
Source of classification or shelving scheme Dewey Decimal Classification
Existencias
Withdrawn status Lost status Source of classification or shelving scheme Damaged status Not for loan Collection code Home library Current library Shelving location Date acquired Source of acquisition Total Checkouts Full call number Barcode Date last seen Date last checked out Price effective from Koha item type
    Dewey Decimal Classification     General Biblioteca Karol Wojtyla Biblioteca Karol Wojtyla Sala general 03/12/2013 Compra 1 109 S754 2007 82051 05/01/2026 02/09/2023 08/06/2017 Libro